| 000 | 01015nam a22002535a 4500 | ||
|---|---|---|---|
| 003 | OSt | ||
| 005 | 20170329133803.0 | ||
| 008 | 170329s2016 ua frb 000 0 ara d | ||
| 015 | _a2015 / 9301 | ||
| 020 | _a9789770478233 | ||
| 040 |
_aEG-ScBUE _bara _cEG-ScBUE |
||
| 082 | 0 | 4 |
_a345.02323 _bع ب ي _222 |
| 100 | 1 | _aعبيد، أسامة حسنين. | |
| 245 | 1 | 2 |
_aالأحكام المستحدثة في اتفاقية الأمم المتحدة لمكافحة الفساد / _cأسامة حسنين عبيد. |
| 260 |
_aالقاهرة : _bدار النهضة العربية، _c2016. |
||
| 300 |
_a109 ص. ؛ _c24 سم. |
||
| 504 | _aيشتمل على إرجاعات ببليوجرافية. | ||
| 630 | 7 |
_aاتفاقية الأمم المتحدة لمكافحة الفساد _d(2003) _2BUEsh _940876 |
|
| 650 | 7 |
_aمكافحة الفساد (قانون دولي) _2BUEsh |
|
| 650 | 7 |
_aالفساد الإداري (قانون دولي) _2BUEsh |
|
| 651 | _2BUEsh | ||
| 653 |
_bLLAAWW _cMarch2017 |
||
| 942 | _2ddc | ||
| 999 |
_c24567 _d24539 |
||